000 00526nam a2200181Ia 4500
005 20250603145001.0
008 250603s9999 xx 000 0 und d
020 _a9781466585027
050 _aHD 30.2 .P43/
100 _aPham, Tiffany... [et al.]
245 0 _aFrom business strategy to information technology roadmap : a practical guide for excutives and board member
260 _aNew York
260 _bCRC press taylor & francis group
260 _c2013
300 _a251 p
650 _aNew York
942 _cBK
999 _c40527
_d40527